000 00564nam a22001697a 4500
999 _c14741
_d14741
003 AR-CdUCM
008 190424b ||||| |||| 00| 0 spa d
040 _aMUNICIPALIDAD PROVINCIAL DEL CUSCO
_cBIBLIOTECA MUNICIPAL DEL CUSCO
082 _aC / 050 /
_bSU95
245 _aSur /
260 _aCusco :
_bCBC,
_c1978.
300 _a28 páginas ;
_c21 cm.
440 _aBoletín informativo agrario
_n04
_933617
505 _aLeche y subsidios -- Coca y etnocidio -- Amazonia capitas vs nativos -- El cafe y el azucar...
942 _2ddc
_cPP
945 _awfj
_d2019-04-24